| 000 | 01250nam a2200229 a 4500 | ||
|---|---|---|---|
| 001 | 000066509 | ||
| 003 | AM-YEHGA | ||
| 005 | 20250618071016.0 | ||
| 008 | 970902s1974 ru |||||||||||||||||rus d | ||
| 040 | _aAM-YeHGA | ||
| 041 | 0 | _arus | |
| 245 | 0 | 0 |
_aЖизнь растений : _bВ 6-ти т. / _cГл. ред. Ал. А. Федоров. |
| 260 |
_aМосква : _bПросвещение, _c1974. |
||
| 300 | _aт. | ||
| 500 | _aНач. с Т. 5, Ч. 2 - Гл. ред. А.Л. Тахтаджян | ||
| 505 | 0 | 0 |
_gТ. 1 (1974, 487 с.) : _tВведение : Бактерии и актиномицеты _gТ. 2 (1976, 479 с.) : _tГрибы _gТ. 3 (1977, 488 с.) : _tВодоросли лишайники _gТ. 4 (1978, 447 с.) : _tМхи ; Плауны ; Хвощи ; Папортники ; Голосеменные растения _gТ. 5, Ч. 1 (1980, 430 с.) : _tЦветковые растения _gТ. 5, Ч. 2 (1981, 512 с.) : _tЦветковые растения _gТ. 6 (1982, 543 с.) : _tЦветковые растения |
| 650 | 1 | 4 | _aБотаника |
| 700 | 1 |
_aФедоров, А.А. _eред. _4edt |
|
| 700 | 1 |
_aԹախտաջյան, Արմեն Լևոնի, _d1910-2009 _eред. _4edt _93348 |
|
| 942 |
_2udc _cBK |
||
| 090 | _c19852 | ||
| 999 |
_c19652 _d19652 |
||